000 00282nam a22001337a 4500
008 170830b xxu||||| |||| 00| 0 eng d
020 _a9780538212526
041 _aeng
080 _a070
100 _a39
101 _aMED
245 _aCOMMUNICATION
_cMANNING,G
942 _2udc
_cBK
999 _c25524
_d25524